|
ห้องสมุด วิทยาลัยพยาบาลบรมราชชนนี อุดรธานี
Boromarajonani College of Nursing, Udonthani
|


|
mysqli: Table './ulib2015/stat_globaluid' is marked as crashed and last (automatic?) repair failed
select id from stat_globaluid where statuid='20260418085112_3772'
mysqli: Table './ulib2015/stat_globaluid' is marked as crashed and last (automatic?) repair failed
DELETE FROM stat_globaluid
WHERE id NOT IN (
SELECT id
FROM (
SELECT id
FROM stat_globaluid
ORDER BY id DESC
LIMIT 100
) foo
);
mysqli: Table './ulib2015/stat_globaluid' is marked as crashed and last (automatic?) repair failed
insert into stat_globaluid set
statuid='20260418085112_3772',
dt='1776477072',
phpself='/ULIB/dublinfull.php',
agent='Mozilla/5.0 AppleWebKit/537.36 (KHTML, like Gecko; compatible; ClaudeBot/1.0; +claudebot@anthropic.com)',
yea='2026',
mon='4',
dat='18',
ip='216.73.216.142'
| LEADER 00674nam 2200229 a 4500 |
| 001 11315 |
| 003 ULIBM |
| 008 290611s2520 th m a001 0 tha d |
| 050 4 ^aWB141.5^bช281ค 2520
|
| 245 10 ^aคู่มือแพทย์วิธีการตรวจวินิจฉัยและบำบัดโรค/^cชวลิต ทัศนสว่าง
|
| 250 ^aพิมพ์ครั้งที่ 1.
|
| 260 ^aกรุงเทพฯ:^bโรงพิมพ์วิบูลย์กิจ,^c2520
|
| 300 ^a 239 หน้า.
|
| 650 7 ^aการตรวจวินิจฉัยและบำบัดโรค--คู่มือ
|
| 945 ^p0^l0^i4020
|
| 945 ^p0^l0^i5950
|
| 945 ^p0^l0^i8442 |
| 999 ^aลิขิตลักษณ์
|
| คุณยังไม่ได้ล็อกอิน คุณสามารถมีกิจกรรมร่วมกับเว็บไซต์ได้ แต่ต้องล็อกอินก่อน :: |
|
| ลำดับที่ |
ประเภท |
เลขเรียก/บาร์โค้ด |
สถานที่ |
สถานะ |
| 1. |
 หนังสือการพยาบาล | WB141.5 ช281ค 2520 Barcode: 4020 | หนังสือทั่วไป | On Shelf |
| 2. |
 หนังสือการพยาบาล | WB141.5 ช281ค 2520 ฉ.2 Barcode: 5950 | หนังสือทั่วไป | On Shelf |
| 3. |
 หนังสือการพยาบาล | WB141.5 ช281ค 2520 ฉ.3 Barcode: 8442 | หนังสือทั่วไป | On Shelf |
| [แสดง 3/3 รายการ] |
mysqli: Can't create/write to file '/var/tmp/#sql_59d_0.MAI' (Errcode: 2)
select * from index_db where titl like '%คู่มือแพทย์วิธีการตรวจวินิจฉัยและบำบัดโรค/ ชวลิต ทัศนสว่าง%' and mid<>'11315' order by rand() limit 3
mysqli: Can't create/write to file '/var/tmp/#sql_59d_0.MAI' (Errcode: 2)
select * from index_db where subj like '%การตรวจวินิจฉัยและบำบัดโรค--คู่มือ%' and mid<>'11315' order by rand() limit 3
|
ยังไม่เคยถูกคอมเมนท์
|
| คอมเมนท์ทรัพยากรรายการนี้ |
|